[Event "PNWCC Online Blitz 2020.05"]
[Site "chess.com INT"]
[Date "2020.05.16"]
[Round "11"]
[White "Vidyarthi, Vyom"]
[Black "Kaufman, Raymond"]
[Result "1/2-1/2"]
[WhiteElo "2090"]
[BlackElo "2255"]
[PlyCount "188"]
[GameId "2130307597186472"]
[EventDate "2020.05.16"]
[EventType "swiss (blitz)"]
[EventRounds "11"]
[EventCountry "NET"]
[SourceTitle "10 Days #615"]
[Source "ChessMix"]
[SourceDate "2020.05.20"]
[SourceVersion "1"]
[SourceVersionDate "2020.05.20"]
[SourceQuality "1"]

1. Nc3 d5 2. d4 c5 3. Bf4 Nc6 4. e3 a6 5. Nf3 Bg4 6. Be2 cxd4 7. exd4 e6 8. Ne5 Bxe2 9. Nxe2 Bd6 10. O-O Nge7 11. Bg3 O-O 12. c3 Qc7 13. Nxc6 bxc6 14. Bxd6 Qxd6 15. Nc1 c5 16. dxc5 Qxc5 17. Nd3 Qb6 18. Qb3 Qa7 19. a4 Rab8 20. Qa3 Nf5 21. Ne5 Rfc8 22. Rfc1 Qc7 23. Nf3 Qc4 24. Ne5 Qe2 25. Re1 Qxb2 26. Qxb2 Rxb2 27. Nd3 Rd2 28. Nb4 a5 29. Na2 Rc4 30. Reb1 h5 31. Nc1 Rxc3 32. Nb3 Re2 33. Nxa5 Rcc2 34. Rf1 Ne3 35. Rfe1 Rxe1+ 36. Rxe1 Nf5 37. Ra1 d4 38. Nb3 d3 39. a5 d2 40. a6 Ra2 41. Rd1 Rxa6 42. Rxd2 Ra3 43. Rb2 Nd4 44. Nd2 Ra1+ 45. Rb1 Ra2 46. Nf1 Ne2+ 47. Kh1 Nf4 48. Kg1 g5 49. Rd1 Kg7 50. Rd2 Ra1 51. g3 Nh3+ 52. Kg2 g4 53. f3 Ng5 54. fxg4 hxg4 55. Ne3 f5 56. Re2 Nf3 57. Nc4 Rg1+ 58. Kf2 Rh1 59. Rxe6 Rxh2+ 60. Ke3 Ng5 61. Ra6 Rh1 62. Nd6 Rf1 63. Ke2 Rf3 64. Ra5 Kg6 65. Nc4 Rxg3 66. Ne5+ Kf6 67. Nd3 Rg2+ 68. Ke3 Rg3+ 69. Ke2 Rh3 70. Ra6+ Kg7 71. Nf4 Rh6 72. Ra7+ Kg8 73. Ra8+ Kg7 74. Ra7+ Nf7 75. Nd3 Re6+ 76. Kf2 Kf6 77. Nf4 Rd6 78. Nh5+ Ke6 79. Ng7+ Kf6 80. Ne8+ Kg5 81. Rxf7 Re6 82. Ng7 Re5 83. Rxf5+ Rxf5+ 84. Nxf5 Kxf5 85. Kg3 Kg5 86. Kg2 Kf4 87. Kf2 g3+ 88. Kg2 Kg4 89. Kg1 Kf3 90. Kf1 Kf4 91. Kg2 Kg4 92. Kg1 Kh3 93. Kh1 g2+ 94. Kg1 Kg3 1/2-1/2

[Event "Titled Tuesday 2020.05.12"]
[Site "chess.com INT"]
[Date "2020.05.12"]
[Round "5"]
[White "Kaufman, Raymond"]
[Black "Golubka, Petr"]
[Result "0-1"]
[WhiteElo "2255"]
[BlackElo "2495"]
[PlyCount "52"]
[GameId "2130307597220007"]
[EventDate "2020.05.12"]
[EventType "swiss"]
[EventRounds "10"]
[EventCountry "NET"]
[SourceTitle "10 Days #615"]
[Source "ChessMix"]
[SourceDate "2020.05.20"]
[SourceVersion "1"]
[SourceVersionDate "2020.05.20"]
[SourceQuality "1"]

1. e4 c5 2. Nf3 d6 3. d4 cxd4 4. Nxd4 Nf6 5. Nc3 a6 6. Bg5 e6 7. Qf3 Nbd7 8. O-O-O Qc7 9. g4 Ne5 10. Qg2 Nexg4 11. h3 Ne5 12. f4 Nc6 13. Nxc6 bxc6 14. e5 Nd5 15. exd6 Bxd6 16. Ne4 Bxf4+ 17. Kb1 O-O 18. Nf6+ Kh8 19. Rxd5 exd5 20. Rg1 g6 21. Qf2 Bxg5 22. Rxg5 Qe7 23. Rg1 Bf5 24. Qh4 g5 25. Rxg5 Bg6 26. Bd3 Qxf6 0-1

[Event "Donaldson-ch"]
[Site "San Francisco USA"]
[Date "2019.12.21"]
[Round "1.1"]
[White "Biyiasas, Theodore"]
[Black "Kaufman, Raymond"]
[Result "0-1"]
[WhiteElo "1961"]
[BlackElo "2269"]
[PlyCount "75"]
[GameId "2130307599946766"]
[EventDate "2019.12.21"]
[EventType "swiss"]
[EventRounds "5"]
[EventCountry "USA"]
[SourceTitle "10 Days #601"]
[Source "ChessMix"]
[SourceDate "2020.01.01"]
[SourceVersion "1"]
[SourceVersionDate "2020.01.01"]
[SourceQuality "1"]

1. d4 Nf6 2. c4 g6 3. Nc3 d5 4. cxd5 Nxd5 5. e4 Nxc3 6. bxc3 Bg7 7. Bb5+ c6 8. Ba4 O-O 9. Ne2 Nd7 10. O-O e5 11. Be3 Re8 12. f3 Nb6 13. Bb3 Be6 14. Bxe6 Rxe6 15. Qb3 Qe8 16. a4 exd4 17. cxd4 Nd5 18. Bf2 a5 19. Qxb7 Nb4 20. Qc7 Nd3 21. Be3 f5 22. Nc3 c5 23. Nb5 fxe4 24. fxe4 Re7 25. Qg3 Rxe4 26. Bd2 Bxd4+ 27. Nxd4 Rxd4 28. Bc3 Rd5 29. Qh4 Qe3+ 30. Kh1 Ne5 31. Bxe5 Qxe5 32. Rae1 Qg5 33. Qe4 Rad8 34. Qe6+ Kh8 35. Rf7 Rd1 36. Rf8+ Rxf8 37. Rxd1 Rd8 38. Re1 0-1

[Event "Donaldson-ch"]
[Site "San Francisco USA"]
[Date "2019.12.21"]
[Round "2.1"]
[White "Kaufman, Raymond"]
[Black "Canessa, John"]
[Result "1/2-1/2"]
[WhiteElo "2269"]
[BlackElo "1962"]
[PlyCount "86"]
[GameId "2130307599946771"]
[EventDate "2019.12.21"]
[EventType "swiss"]
[EventRounds "5"]
[EventCountry "USA"]
[SourceTitle "10 Days #601"]
[Source "ChessMix"]
[SourceDate "2020.01.01"]
[SourceVersion "1"]
[SourceVersionDate "2020.01.01"]
[SourceQuality "1"]

1. d4 Nf6 2. Bf4 g6 3. Nc3 d5 4. e3 Bg7 5. h4 O-O 6. h5 c5 7. hxg6 hxg6 8. Qd2 Ne4 9. Nxe4 dxe4 10. O-O-O Qb6 11. Bh6 Bf5 12. Bxg7 Kxg7 13. Ne2 Nd7 14. Ng3 Bg4 15. Be2 Bxe2 16. Qxe2 Nf6 17. dxc5 Qxc5 18. Rd4 e5 19. Rc4 Qb5 20. a4 Qa6 21. Rb4 Qxe2 22. Nxe2 b6 23. Nc3 Rac8 24. a5 Rh8 25. Rxh8 Rxh8 26. axb6 axb6 27. Rxb6 Rh2 28. Kd2 Rxg2 29. Ke2 Ng4 30. Nxe4 f5 31. Kf3 Rh2 32. c4 Rh3+ 33. Kg2 Rh2+ 34. Kg3 Rh1 35. Nd2 Rg1+ 36. Kf3 e4+ 37. Ke2 Rg2 38. c5 Rxf2+ 39. Ke1 Rh2 40. c6 Rh1+ 41. Ke2 Rh2+ 42. Ke1 Rh1+ 43. Ke2 Rh4 1/2-1/2

[Event "Donaldson-ch"]
[Site "San Francisco USA"]
[Date "2019.12.21"]
[Round "3.2"]
[White "Kaufman, Raymond"]
[Black "Wu, Derek"]
[Result "1-0"]
[WhiteElo "2269"]
[BlackElo "2039"]
[PlyCount "103"]
[GameId "2130307599946777"]
[EventDate "2019.12.21"]
[EventType "swiss"]
[EventRounds "5"]
[EventCountry "USA"]
[SourceTitle "10 Days #601"]
[Source "ChessMix"]
[SourceDate "2020.01.01"]
[SourceVersion "1"]
[SourceVersionDate "2020.01.01"]
[SourceQuality "1"]

1. e4 e5 2. Nf3 Nc6 3. Bb5 a6 4. Ba4 Nf6 5. O-O Be7 6. d3 b5 7. Bb3 d6 8. c3 Na5 9. Bc2 c5 10. Nbd2 O-O 11. Re1 Re8 12. Nf1 Bf8 13. d4 cxd4 14. cxd4 Nc6 15. d5 Ne7 16. a4 Bd7 17. Ng3 g6 18. Bg5 Bg7 19. Qd2 Rc8 20. Bd3 bxa4 21. Qb4 Qc7 22. Rec1 a5 23. Qa3 Qb6 24. h3 Rb8 25. Nd2 Nc8 26. Nc4 Qd8 27. Bc2 Rb4 28. Nxa5 Rb5 29. Nc4 Nb6 30. Nxd6 Bf8 31. Bxf6 Qb8 32. Nxb5 Bxa3 33. Nxa3 Qd6 34. Bg5 Qb4 35. Be3 f5 36. exf5 Nxd5 37. fxg6 Nxe3 38. gxh7+ Kh8 39. fxe3 Qxb2 40. Nc4 Qb4 41. Bg6 Rf8 42. Nxe5 Be6 43. Ne4 Bd5 44. Rf1 Rxf1+ 45. Rxf1 Kg7 46. Nf6 Be6 47. Rb1 Qf8 48. Nh5+ Kh8 49. Be4 Bf5 50. Rf1 Kxh7 51. Rxf5 Qa3 52. Rg5+ 1-0

[Event "Donaldson-ch"]
[Site "San Francisco USA"]
[Date "2019.12.22"]
[Round "4.1"]
[White "Wu, Rochelle"]
[Black "Kaufman, Raymond"]
[Result "0-1"]
[WhiteElo "2136"]
[BlackElo "2269"]
[PlyCount "60"]
[GameId "2130307599946786"]
[EventDate "2019.12.21"]
[EventType "swiss"]
[EventRounds "5"]
[EventCountry "USA"]
[SourceTitle "10 Days #601"]
[Source "ChessMix"]
[SourceDate "2020.01.01"]
[SourceVersion "1"]
[SourceVersionDate "2020.01.01"]
[SourceQuality "1"]

1. d4 Nf6 2. c4 e6 3. Nc3 Bb4 4. Qc2 O-O 5. a3 Bxc3+ 6. Qxc3 b6 7. Bg5 Bb7 8. e3 d6 9. Ne2 Nbd7 10. Qc2 c5 11. Rd1 Qc7 12. Nc3 a6 13. f3 Rfe8 14. Be2 cxd4 15. Rxd4 d5 16. cxd5 Nxd5 17. Qd2 Nc5 18. Nxd5 exd5 19. Qc3 Rac8 20. Rg4 Ne6 21. Qxc7 Rxc7 22. Kd2 f5 23. Rg3 d4 24. f4 Nc5 25. Bd3 Nxd3 26. Kxd3 Be4+ 27. Kxd4 Rec8 28. Ke5 Kf7 29. Kd6 Rc6+ 30. Ke5 Rc5+ 0-1

[Event "Donaldson-ch"]
[Site "San Francisco USA"]
[Date "2019.12.22"]
[Round "5.1"]
[White "Kaufman, Raymond"]
[Black "Liang, Jason"]
[Result "0-1"]
[WhiteElo "2269"]
[BlackElo "2296"]
[PlyCount "78"]
[GameId "2130307599946794"]
[EventDate "2019.12.21"]
[EventType "swiss"]
[EventRounds "5"]
[EventCountry "USA"]
[SourceTitle "10 Days #601"]
[Source "ChessMix"]
[SourceDate "2020.01.01"]
[SourceVersion "1"]
[SourceVersionDate "2020.01.01"]
[SourceQuality "1"]

1. e4 c6 2. d4 d5 3. exd5 cxd5 4. Bd3 Nc6 5. c3 Nf6 6. Bf4 g6 7. Nd2 Bf5 8. Bxf5 gxf5 9. Ngf3 Bg7 10. h3 e6 11. Qe2 Qe7 12. Bg5 Qc7 13. Bxf6 Bxf6 14. g4 fxg4 15. hxg4 Qf4 16. Rh5 O-O-O 17. g5 Bg7 18. O-O-O h6 19. Qe3 hxg5 20. Rxh8 Rxh8 21. Nxg5 Qf5 22. Rg1 Bh6 23. f4 Rg8 24. Ndf3 Kb8 25. Rh1 Rg6 26. Re1 Rf6 27. Rh1 Bxg5 28. Nxg5 Qxf4 29. Qxf4+ Rxf4 30. Rh7 Nd8 31. Kc2 Rf2+ 32. Kb3 Kc7 33. a4 Kd6 34. c4 dxc4+ 35. Kxc4 Ke7 36. b4 Rc2+ 37. Kd3 Ra2 38. a5 Rg2 39. Rg7 Kf8 0-1

[Event "Bay Area op"]
[Site "Burlingame USA"]
[Date "2019.01.01"]
[Round "1.20"]
[White "Chandra, Akshat"]
[Black "Kaufman, Raymond"]
[Result "1-0"]
[WhiteElo "2492"]
[BlackElo "2252"]
[PlyCount "47"]
[GameId "2130307612672956"]
[EventDate "2019.01.01"]
[EventType "swiss"]
[EventRounds "9"]
[EventCountry "USA"]
[SourceTitle "10 Days #566"]
[Source "ChessMix"]
[SourceDate "2019.01.10"]
[SourceVersion "1"]
[SourceVersionDate "2019.01.10"]
[SourceQuality "1"]

1. e4 c5 2. Nf3 Nc6 3. Bb5 g6 4. Bxc6 dxc6 5. d3 Bg7 6. h3 Nf6 7. Nc3 Nd7 8. Be3 e5 9. O-O Qc7 10. Qd2 h6 11. Nh2 b6 12. Rae1 Nf8 13. f4 exf4 14. Bxf4 Qe7 15. Nd5 cxd5 16. exd5 Be6 17. Ng4 O-O-O 18. dxe6 Nxe6 19. Be5 Qd7 20. Bxg7 Nxg7 21. Ne5 Qd4+ 22. Qf2 Rhe8 23. Qxd4 Rxd4 24. Rxf7 1-0

[Event "Bay Area op"]
[Site "Burlingame USA"]
[Date "2019.01.02"]
[Round "2.50"]
[White "Kaufman, Raymond"]
[Black "Gaffagan, Steven"]
[Result "1-0"]
[WhiteElo "2252"]
[BlackElo "1996"]
[PlyCount "75"]
[GameId "2130307612677122"]
[EventDate "2019.01.01"]
[EventType "swiss"]
[EventRounds "9"]
[EventCountry "USA"]
[SourceTitle "10 Days #566"]
[Source "ChessMix"]
[SourceDate "2019.01.10"]
[SourceVersion "1"]
[SourceVersionDate "2019.01.10"]
[SourceQuality "1"]

1. e4 c5 2. Nf3 e6 3. d4 cxd4 4. Nxd4 Nc6 5. Nc3 Qc7 6. g3 d6 7. Bg2 Bd7 8. O-O a6 9. a4 Nf6 10. Nb3 Be7 11. a5 O-O 12. Be3 Rae8 13. f4 Nb4 14. Kh1 Bc6 15. Nd4 d5 16. e5 Nd7 17. Nce2 Bb5 18. Nxb5 axb5 19. Nd4 Ra8 20. c3 Nc6 21. Nxb5 Qd8 22. b4 Qb8 23. Qe2 Rc8 24. Nd4 Nxd4 25. Bxd4 g6 26. g4 Rc4 27. f5 Qe8 28. Qf2 Bd8 29. Rae1 Ra6 30. Re3 Bg5 31. Rf3 Bh6 32. Qh4 Bg7 33. Rh3 h6 34. g5 h5 35. f6 Bf8 36. Bf3 Nxe5 37. Bxh5 Bd6 38. Be2 1-0

[Event "Bay Area op"]
[Site "Burlingame USA"]
[Date "2019.01.03"]
[Round "3.25"]
[White "Kavutskiy, Konstantin"]
[Black "Kaufman, Raymond"]
[Result "0-1"]
[WhiteElo "2424"]
[BlackElo "2252"]
[PlyCount "78"]
[GameId "2130307612677148"]
[EventDate "2019.01.01"]
[EventType "swiss"]
[EventRounds "9"]
[EventCountry "USA"]
[SourceTitle "10 Days #566"]
[Source "ChessMix"]
[SourceDate "2019.01.10"]
[SourceVersion "1"]
[SourceVersionDate "2019.01.10"]
[SourceQuality "1"]

1. Nf3 Nf6 2. c4 c5 3. Nc3 Nc6 4. e3 g6 5. d4 cxd4 6. exd4 d5 7. cxd5 Nxd5 8. Qb3 e6 9. Bb5 Bg7 10. Bg5 Qb6 11. Na4 Qa5+ 12. Bd2 Qc7 13. O-O O-O 14. Rac1 Bd7 15. Nc5 Rac8 16. Rfe1 a6 17. Bf1 Nxd4 18. Nxd4 Bxd4 19. Nxb7 Qb8 20. Bh6 Qa7 21. Bxf8 Rxf8 22. Nd6 Bxf2+ 23. Kh1 Bxe1 24. Rxe1 Qf2 25. Rb1 Bc6 26. Qc4 Ba8 27. Ne4 Qf4 28. Nc3 Qf2 29. Ne4 Qe3 30. a3 Nf4 31. Nf6+ Kg7 32. Ng4 Qd2 33. Qc3+ Qxc3 34. bxc3 Rc8 35. c4 Rd8 36. Rc1 Rd2 37. c5 Nxg2 38. c6 Nh4 39. Ne5 f6 0-1

[Event "Bay Area op"]
[Site "Burlingame USA"]
[Date "2019.01.03"]
[Round "4.19"]
[White "Kaufman, Raymond"]
[Black "Jacobson, Brandon"]
[Result "0-1"]
[WhiteElo "2252"]
[BlackElo "2404"]
[PlyCount "108"]
[GameId "2130307612677187"]
[EventDate "2019.01.01"]
[EventType "swiss"]
[EventRounds "9"]
[EventCountry "USA"]
[SourceTitle "10 Days #566"]
[Source "ChessMix"]
[SourceDate "2019.01.10"]
[SourceVersion "1"]
[SourceVersionDate "2019.01.10"]
[SourceQuality "1"]

1. d4 Nf6 2. Nf3 b6 3. g3 Bb7 4. Bg2 g6 5. c4 Bg7 6. O-O O-O 7. d5 Ne4 8. Nfd2 Nd6 9. Na3 e5 10. Rb1 a5 11. b3 Na6 12. Nc2 f5 13. Bb2 Qe7 14. e3 Nc5 15. Qe2 Ba6 16. Rfd1 b5 17. cxb5 Bxb5 18. Nc4 e4 19. Nd4 Nxc4 20. bxc4 Ba4 21. Nb3 Bxb2 22. Qxb2 Bxb3 23. axb3 Rfb8 24. Qc3 Rb4 25. Rb2 Rab8 26. d6 cxd6 27. Rbd2 Qg7 28. Qxg7+ Kxg7 29. Ra2 Nxb3 30. Rxd6 R8b7 31. g4 Rxc4 32. Bh3 fxg4 33. Bxg4 Kf8 34. Rxd7 Rxd7 35. Bxd7 Ke7 36. Ba4 Nc5 37. Bb5 Rb4 38. Be2 a4 39. Kg2 Kd6 40. Kg3 Rb1 41. h4 Kc6 42. h5 Kb6 43. hxg6 hxg6 44. Kf4 Rc1 45. Rb2+ Nb3 46. Kxe4 Kc5 47. Bg4 Kb4 48. Be6 Kc3 49. Ra2 Rc2 50. Ra3 Kb4 51. Bxb3 axb3 52. Ra6 b2 53. Rb6+ Kc5 54. Rb8 Rxf2 0-1

[Event "Bay Area op"]
[Site "Burlingame USA"]
[Date "2019.01.04"]
[Round "5.25"]
[White "Liou, Yian"]
[Black "Kaufman, Raymond"]
[Result "1-0"]
[WhiteElo "2412"]
[BlackElo "2252"]
[PlyCount "83"]
[GameId "2130307612681333"]
[EventDate "2019.01.01"]
[EventType "swiss"]
[EventRounds "9"]
[EventCountry "USA"]
[SourceTitle "10 Days #566"]
[Source "ChessMix"]
[SourceDate "2019.01.10"]
[SourceVersion "1"]
[SourceVersionDate "2019.01.10"]
[SourceQuality "1"]

1. e4 e5 2. Nf3 Nc6 3. Bb5 a6 4. Ba4 Nf6 5. O-O Be7 6. d3 b5 7. Bb3 d6 8. a4 Bd7 9. c3 O-O 10. Re1 h6 11. Nbd2 Re8 12. Nf1 Bf8 13. h3 Ne7 14. Nh4 g5 15. Nf3 Ng6 16. d4 Bg7 17. Ng3 g4 18. hxg4 Bxg4 19. Qd3 Nf4 20. Bxf4 exf4 21. Nf1 c5 22. Bc2 cxd4 23. cxd4 Rc8 24. Bb3 Nd7 25. N1h2 Bh5 26. e5 Kh8 27. exd6 Rxe1+ 28. Rxe1 Bg6 29. Qd2 Qf6 30. axb5 axb5 31. Qb4 Bf8 32. Ne5 Bxd6 33. Qxb5 Nxe5 34. dxe5 Qe7 35. Nf3 Bc5 36. Qa4 Qa7 37. Qxa7 Bxa7 38. Ra1 Bb6 39. Rd1 Bh5 40. Rd6 Rc1+ 41. Kh2 Bxf3 42. Rxb6 1-0

[Event "Bay Area op"]
[Site "Burlingame USA"]
[Date "2019.01.05"]
[Round "6.33"]
[White "Kaufman, Raymond"]
[Black "Javakhadze, Zurab"]
[Result "1-0"]
[WhiteElo "2252"]
[BlackElo "2449"]
[PlyCount "81"]
[GameId "2130307612681386"]
[EventDate "2019.01.01"]
[EventType "swiss"]
[EventRounds "9"]
[EventCountry "USA"]
[SourceTitle "10 Days #566"]
[Source "ChessMix"]
[SourceDate "2019.01.10"]
[SourceVersion "1"]
[SourceVersionDate "2019.01.10"]
[SourceQuality "1"]

1. d4 g6 2. c4 Bg7 3. e4 d6 4. Nc3 Nf6 5. f3 c6 6. Be3 a6 7. Bd3 b5 8. Nge2 Nbd7 9. Qd2 Rb8 10. O-O O-O 11. Rac1 e5 12. d5 bxc4 13. Bxc4 Nb6 14. Bb3 cxd5 15. exd5 a5 16. a4 Ba6 17. Ne4 Bxe2 18. Nxf6+ Bxf6 19. Qxe2 Nd7 20. Bc4 Bg5 21. Bb5 Nc5 22. Bxc5 Bxc1 23. Rxc1 dxc5 24. Qxe5 Rb6 25. Rxc5 Rf6 26. Qc7 Qxc7 27. Rxc7 Ra8 28. Kf2 Rd6 29. Bc4 Kf8 30. Ke3 Re8+ 31. Kd4 Re1 32. Kc5 Rf6 33. Ra7 Rb1 34. b3 Rb2 35. Rxa5 Rxg2 36. Ra8+ Kg7 37. a5 Rxh2 38. a6 Ra2 39. b4 Rc2 40. Kb5 Rf4 41. Rc8 1-0

[Event "Bay Area op"]
[Site "Burlingame USA"]
[Date "2019.01.05"]
[Round "7.28"]
[White "Shetty, Atulya"]
[Black "Kaufman, Raymond"]
[Result "1-0"]
[WhiteElo "2401"]
[BlackElo "2252"]
[PlyCount "69"]
[GameId "2130307612685518"]
[EventDate "2019.01.01"]
[EventType "swiss"]
[EventRounds "9"]
[EventCountry "USA"]
[SourceTitle "10 Days #566"]
[Source "ChessMix"]
[SourceDate "2019.01.10"]
[SourceVersion "1"]
[SourceVersionDate "2019.01.10"]
[SourceQuality "1"]

1. c4 c5 2. g3 Nc6 3. Bg2 g6 4. Nc3 Bg7 5. Nf3 d6 6. e3 Bf5 7. d4 Qd7 8. O-O Nf6 9. d5 Nb4 10. Ne1 O-O 11. a3 Na6 12. Nd3 Bh3 13. e4 Bxg2 14. Kxg2 Ng4 15. Qe2 Ne5 16. Ne1 f5 17. f4 Nf7 18. exf5 Qxf5 19. Bd2 Rae8 20. Nd3 Qd7 21. Rae1 Nc7 22. h4 Nh6 23. h5 Nf5 24. hxg6 hxg6 25. Nf2 Bd4 26. Qf3 Kg7 27. Nfe4 Rh8 28. Ng5 Rh5 29. Rh1 Reh8 30. Rxh5 Rxh5 31. Qe2 Bf6 32. Nce4 Bd4 33. g4 Nh4+ 34. Kg3 Rh8 35. Nxc5 1-0

[Event "Bay Area op"]
[Site "Burlingame USA"]
[Date "2019.01.06"]
[Round "8.34"]
[White "Kaufman, Raymond"]
[Black "Shen, Christopher"]
[Result "1-0"]
[WhiteElo "2252"]
[BlackElo "2311"]
[PlyCount "61"]
[GameId "2130307612685567"]
[EventDate "2019.01.01"]
[EventType "swiss"]
[EventRounds "9"]
[EventCountry "USA"]
[SourceTitle "The Week in Chess 1262"]
[Source "Mark Crowther"]
[SourceDate "2019.01.14"]
[SourceVersion "2"]
[SourceVersionDate "2019.01.19"]
[SourceQuality "2"]

1. d4 Nf6 2. Nc3 g6 3. e4 d6 4. Bg5 c6 5. Qd2 Bg7 6. Bh6 Bxh6 7. Qxh6 Qa5 8. O-O-O b5 9. e5 b4 10. exf6 bxc3 11. Bc4 e6 12. Nf3 d5 13. Qg7 Rf8 14. Bb3 cxb2+ 15. Kb1 Nd7 16. Ng5 Qa3 17. Rhe1 Qd6 18. Re3 a5 19. Rde1 Nb6 20. Nxh7 a4 21. Nxf8 axb3 22. Rxb3 Nc4 23. Nxg6 Nd2+ 24. Kxb2 Nxb3 25. Qg8+ Kd7 26. Qxf7+ Kd8 27. Qe7+ Qxe7 28. fxe7+ Ke8 29. axb3 Bd7 30. h4 Kf7 31. h5 1-0

[Event "Bay Area op"]
[Site "Burlingame USA"]
[Date "2019.01.07"]
[Round "9.26"]
[White "Ampie, Mauro"]
[Black "Kaufman, Raymond"]
[Result "1/2-1/2"]
[WhiteElo "2318"]
[BlackElo "2252"]
[PlyCount "54"]
[GameId "2130307612689696"]
[EventDate "2019.01.01"]
[EventType "swiss"]
[EventRounds "9"]
[EventCountry "USA"]
[SourceTitle "The Week in Chess 1262"]
[Source "Mark Crowther"]
[SourceDate "2019.01.14"]
[SourceVersion "2"]
[SourceVersionDate "2019.01.19"]
[SourceQuality "2"]

1. e4 c5 2. Nc3 Nc6 3. Bb5 Nd4 4. Nf3 Nxb5 5. Nxb5 d5 6. exd5 a6 7. Nc3 Nf6 8. d4 Nxd5 9. Ne4 cxd4 10. Qxd4 Nf6 11. Qxd8+ Kxd8 12. Nxf6 gxf6 13. Be3 e5 14. O-O-O+ Ke8 15. Nd2 Bf5 16. f4 Rc8 17. c4 Rg8 18. g3 b5 19. Rde1 Be6 20. Rhf1 bxc4 21. Ne4 Be7 22. Nc3 h5 23. Bd2 Rc5 24. Be3 Rc6 25. Bd2 Rc5 26. Be3 Rc6 27. Bd2 Rc5 1/2-1/2

[Event "Northern Lights op"]
[Site "Reykjavik ISL"]
[Date "2017.11.10"]
[Round "1.5"]
[White "Kaufman, Raymond"]
[Black "Nihal, Sarin"]
[Result "1/2-1/2"]
[WhiteElo "2266"]
[BlackElo "2487"]
[PlyCount "73"]
[GameId "2130307625435024"]
[EventDate "2017.11.10"]
[EventType "swiss"]
[EventRounds "9"]
[EventCountry "ISL"]
[SourceTitle "10 Days #526"]
[Source "Chess Mix"]
[SourceDate "2017.12.01"]
[SourceVersion "1"]
[SourceVersionDate "2017.12.01"]
[SourceQuality "1"]

1. d4 Nf6 2. Nf3 d5 3. c4 e6 4. Nc3 a6 5. cxd5 exd5 6. Bg5 Be6 7. e3 Nbd7 8. Bd3 Bd6 9. Qc2 h6 10. Bf4 Qe7 11. O-O O-O 12. h3 Rfe8 13. Rac1 Rac8 14. Rfd1 c6 15. Ne5 c5 16. Nxd7 Qxd7 17. dxc5 Bxf4 18. exf4 Rxc5 19. f5 d4 20. fxe6 Qxe6 21. Bh7+ Nxh7 22. Rxd4 Nf6 23. Qd2 b5 24. Rd1 a5 25. a3 Re5 26. b4 axb4 27. Rxb4 Qf5 28. Rdb1 Nd5 29. Nxd5 Rxd5 30. Qf4 Qd7 31. a4 bxa4 32. Rxa4 Re6 33. Rab4 Rd1+ 34. Rxd1 Qxd1+ 35. Kh2 Qd6 36. Qxd6 Rxd6 37. Rb7 1/2-1/2

[Event "Northern Lights op"]
[Site "Reykjavik ISL"]
[Date "2017.11.11"]
[Round "2.7"]
[White "Gislason, Gudmundur"]
[Black "Kaufman, Raymond"]
[Result "0-1"]
[WhiteElo "2318"]
[BlackElo "2266"]
[PlyCount "126"]
[GameId "2130307625435037"]
[EventDate "2017.11.10"]
[EventType "swiss"]
[EventRounds "9"]
[EventCountry "ISL"]
[SourceTitle "10 Days #526"]
[Source "Chess Mix"]
[SourceDate "2017.12.01"]
[SourceVersion "1"]
[SourceVersionDate "2017.12.01"]
[SourceQuality "1"]

1. Nf3 d5 2. c4 d4 3. d3 Nc6 4. g3 g6 5. Bg2 Bg7 6. O-O e5 7. Bd2 a5 8. Na3 Nge7 9. c5 O-O 10. Nc4 Be6 11. Rc1 Qd7 12. Ng5 Bd5 13. Bh3 f5 14. f4 exf4 15. gxf4 Rfe8 16. a3 a4 17. Qe1 h6 18. Nf3 Qe6 19. Qf2 Rab8 20. Rfe1 Qf7 21. Nce5 Nxe5 22. Nxe5 Bxe5 23. fxe5 g5 24. Qxd4 Nc6 25. Qf2 Qh5 26. Qxf5 Be6 27. Qxe6+ Rxe6 28. Bxe6+ Kh8 29. Bc3 Re8 30. Bd5 g4 31. Rf1 Qg5 32. Kg2 Nxe5 33. e3 c6 34. Be4 Qxe3 35. Kh1 Kg8 36. Rce1 Qh3 37. Bg2 Qh5 38. Re3 Nf3 39. Rxe8+ Qxe8 40. Bxf3 gxf3 41. Rxf3 Qe2 42. Rg3+ Kf7 43. Kg1 Ke6 44. d4 h5 45. Rg2 Qd1+ 46. Kf2 h4 47. Ke3 Qh1 48. Re2 Kd5 49. Kd2 Kc4 50. Ke3 Qf1 51. Rf2 Qh1 52. Re2 Qf1 53. Rf2 Qh3+ 54. Kf4 Kd5 55. Re2 Qf1+ 56. Ke3 Qf5 57. Kd2 Kc4 58. Ke1 Qf3 59. Rf2 Qe3+ 60. Re2 Qg1+ 61. Kd2 h3 62. Kc2 Qf1 63. Kd2 Qf3 0-1

[Event "Northern Lights op"]
[Site "Reykjavik ISL"]
[Date "2017.11.11"]
[Round "3.4"]
[White "Kaufman, Raymond"]
[Black "Thorfinnsson, Bjorn"]
[Result "0-1"]
[WhiteElo "2266"]
[BlackElo "2395"]
[PlyCount "78"]
[GameId "2130307625435045"]
[EventDate "2017.11.10"]
[EventType "swiss"]
[EventRounds "9"]
[EventCountry "ISL"]
[SourceTitle "10 Days #526"]
[Source "Chess Mix"]
[SourceDate "2017.12.01"]
[SourceVersion "1"]
[SourceVersionDate "2017.12.01"]
[SourceQuality "1"]

1. Nf3 Nf6 2. c4 c5 3. Nc3 Nc6 4. d4 cxd4 5. Nxd4 e6 6. a3 e5 7. Nc2 d6 8. e4 Be7 9. Be2 O-O 10. O-O Be6 11. b4 Rc8 12. Be3 Nb8 13. Nd5 Nxe4 14. Bf3 Ng5 15. Nxe7+ Qxe7 16. Bd5 Bxd5 17. Bxg5 Qxg5 18. Qxd5 Nc6 19. b5 Na5 20. Ne3 Qf6 21. Rad1 Rfd8 22. Rd3 Rc5 23. Qe4 Qf4 24. f3 Qxe4 25. fxe4 Nxc4 26. Nf5 Rd7 27. Rc1 b6 28. Rd5 g6 29. Rxc5 dxc5 30. Rxc4 gxf5 31. exf5 Rd4 32. Rc3 Kg7 33. Re3 Kf6 34. Rh3 Kxf5 35. Rh5+ Ke6 36. Rxh7 Rd3 37. h4 Rxa3 38. h5 Kf6 39. h6 Kg6 0-1

[Event "Northern Lights op"]
[Site "Reykjavik ISL"]
[Date "2017.11.12"]
[Round "4.5"]
[White "Gretarsson, Hjorvar"]
[Black "Kaufman, Raymond"]
[Result "1-0"]
[WhiteElo "2571"]
[BlackElo "2266"]
[PlyCount "95"]
[GameId "2130307625435057"]
[EventDate "2017.11.10"]
[EventType "swiss"]
[EventRounds "9"]
[EventCountry "ISL"]
[SourceTitle "10 Days #526"]
[Source "Chess Mix"]
[SourceDate "2017.12.01"]
[SourceVersion "1"]
[SourceVersionDate "2017.12.01"]
[SourceQuality "1"]

1. c4 c6 2. Nf3 d5 3. e3 Nf6 4. Nc3 e6 5. Qc2 Bd6 6. d4 Nbd7 7. b3 Qe7 8. Bb2 dxc4 9. bxc4 e5 10. Be2 O-O 11. O-O Re8 12. Rfe1 e4 13. Nd2 Nf8 14. f3 exf3 15. Bxf3 Ng4 16. Nf1 Qg5 17. e4 Ne6 18. Rad1 Qh4 19. g3 Qh5 20. Bxg4 Qxg4 21. Ne3 Qf3 22. Ng2 Ng5 23. Rf1 Qh5 24. e5 Bb4 25. Nf4 Nh3+ 26. Kh1 Nxf4 27. Rxf4 Be6 28. Ne4 Bxc4 29. Qxc4 Qxd1+ 30. Rf1 Qg4 31. d5 h5 32. d6 Ba5 33. Qxf7+ Kh8 34. Qf3 Rf8 35. Qxg4 hxg4 36. Rf4 Rxf4 37. gxf4 Rf8 38. Bc1 Re8 39. Kg2 Kg8 40. Kg3 Bd8 41. Kxg4 b6 42. Ng5 g6 43. h4 Bxg5 44. Kxg5 Kf7 45. d7 Rh8 46. f5 gxf5 47. Kxf5 Ke7 48. e6 1-0